Central Library OPAC University of Rajshahi

The tariff history of the United States / (Record no. 59544)

MARC details
000 -LEADER
fixed length control field 00707nam a2200229 a 4500
001 - CONTROL NUMBER
control field 59544
003 - CONTROL NUMBER IDENTIFIER
rucl marc code BD-RJUL
005 - DATE AND TIME OF LATEST TRANSACTION
control field 20211209080738.0
008 - FIXED-LENGTH DATA ELEMENTS--GENERAL INFORMATION
fixed length control field 161226s1996 nyu 001 0 eng
035 ## - SYSTEM CONTROL NUMBER
System control number BD-RJUL 59668
040 ## - CATALOGING SOURCE
Original cataloging agency DLC
Transcribing agency DLC
Modifying agency OCL
-- EQO
Language of cataloging eng
041 ## - LANGUAGE CODE
Language code of text/sound track or separate title eng
082 ## - DEWEY DECIMAL CLASSIFICATION NUMBER
Classification number 337.0973
Edition number 23
Author mark and year TAT 1964
100 1# - MAIN ENTRY--PERSONAL NAME
Personal name Taussig, F. W.
Fuller form of name (Frank William),
Dates associated with a name 1859-1940.
9 (RLIN) 177107
245 04 - TITLE STATEMENT
Title The tariff history of the United States /
Statement of responsibility, etc. by F. W. Taussig.
250 ## - EDITION STATEMENT
Edition statement 8th ed.,
260 ## - PUBLICATION, DISTRIBUTION, ETC. (IMPRINT)
Place of publication, distribution, etc. New York ;
-- London :
Name of publisher, distributor, etc. G. P. Putnam's sons,
Date of publication, distribution, etc. 1964
300 ## - PHYSICAL DESCRIPTION
Pagination xii p., 1 l., 536 p. ;
Size 21 cm.
650 ## - SUBJECT ADDED ENTRY--TOPICAL TERM
Topical term or geographic name as entry element Tariff
General subdivision History.
Geographic subdivision United States
9 (RLIN) 177108
942 ## - ADDED ENTRY ELEMENTS (KOHA)
Source of classification or shelving scheme Dewey Decimal Classification
Koha item type Books
Holdings
Lost status Source of classification or shelving scheme Damaged status Not for loan Collection code Permanent Location Current Location Shelving location Date acquired Total Checkouts Full call number Date last seen Copy number Koha item type
  Dewey Decimal Classification   Not For Loan Non-fiction Central Library, University of Rajshahi Central Library, University of Rajshahi Reading Room 21/07/1987   337.0973 TAT 1964 26/12/2016 C-1 Books